| 000 | 00590nam a22002177a 4500 | ||
|---|---|---|---|
| 003 | OSt | ||
| 005 | 20140310184523.0 | ||
| 008 | 121112t xxu||||| |||| 00| 0 eng d | ||
| 020 | _a9780590108416 | ||
| 050 |
_aPZ 7 _b.Ab131Ick 2003 |
||
| 100 |
_aAbbott,Tony _94148 |
||
| 245 |
_aIn the ice caves of krog / _cTony Abbott. |
||
| 260 |
_aNew York, NY : _bScholastic Inc., _c2003. |
||
| 300 |
_a85 p. : _bill. ; _c19 cm. |
||
| 440 |
_aThe Secrets of Droon _94552 |
||
| 521 | _aG2 | ||
| 526 | _c420 | ||
| 650 |
_aJourney _xJuvenille. _923629 |
||
| 942 |
_2lcc _cBK-SCHOLAS |
||
| 999 |
_c35058 _d35058 |
||